Los años terribles / (Registro nro. 3503)
[ vista simple ]
| 000 -LEADER | |
|---|---|
| fixed length control field | 01436nam a2200265Ia 4500 |
| 003 - CONTROL NUMBER IDENTIFIER | |
| control field | OSt |
| 005 - DATE AND TIME OF LATEST TRANSACTION | |
| control field | 20250612152842.0 |
| 008 - FIXED-LENGTH DATA ELEMENTS--GENERAL INFORMATION | |
| fixed length control field | 191128s2000 ck jr 000 fdspa d |
| 020 ## - INTERNATIONAL STANDARD BOOK NUMBER | |
| International Standard Book Number | 9789580456339 |
| 040 ## - CATALOGING SOURCE | |
| Original cataloging agency | CO-JMCR |
| Transcribing agency | CO-JMCR |
| 041 0# - LANGUAGE CODE | |
| Language code of text/sound track or separate title | spa |
| 082 04 - DEWEY DECIMAL CLASSIFICATION NUMBER | |
| Classification number | J-N |
| Item number | REYa |
| 100 1# - MAIN ENTRY--PERSONAL NAME | |
| Personal name | Reyes, Yolanda, |
| Relator term | autor |
| 9 (RLIN) | 1217 |
| 245 14 - TITLE STATEMENT | |
| Title | Los años terribles / |
| Statement of responsibility, etc. | Yolanda Reyes |
| 260 ## - PUBLICATION, DISTRIBUTION, ETC. | |
| Place of publication, distribution, etc. | Bogotá : |
| Name of publisher, distributor, etc. | Norma, |
| Date of publication, distribution, etc. | 2000 |
| 300 ## - PHYSICAL DESCRIPTION | |
| Extent | 190 páginas ; |
| Dimensions | 21 cm. |
| 490 0# - SERIES STATEMENT | |
| Series statement | Zona libre |
| 500 ## - GENERAL NOTE | |
| General note | Incluye datos biográficos de la autora en solapa. |
| 505 0# - FORMATTED CONTENTS NOTE | |
| Formatted contents note | Tres relatos -- Tejiendo trenzas -- Señales de adolescencia -- Metamorfosis -- A los quince años -- Las líneas de la mano -- Buscando direcciones -- Tres bocas torcidas |
| 520 ## - SUMMARY, ETC. | |
| Summary, etc. | Antes no éramos así; antes teníamos costumbres, unas rutinas, una amistad secreta, unos juegos. Ahora no jugamos a nada. En el colegio no nos determinamos, cada uno tiene su grupo. Algo se ha roto. Los gestos y las costumbres de antes ya no significan lo mismo. El problema es que no tenemos otras costumbres de reemplazo. Seguimos ahí paradas, con ese calor, como tres bobas atravesadas, tres bocas torcidas en la mitad de tanta gente con caras felices. |
| 586 ## - AWARDS NOTE | |
| Awards note | Beca de creación literaria otorgada por el Ministerio de Cultura de Colombia en 1992 |
| 650 14 - SUBJECT ADDED ENTRY--TOPICAL TERM | |
| Topical term or geographic name entry element | Novela colombiana |
| Chronological subdivision | Siglo XXI |
| 9 (RLIN) | 1218 |
| 650 14 - SUBJECT ADDED ENTRY--TOPICAL TERM | |
| Topical term or geographic name entry element | Novela juvenil colombiana |
| Chronological subdivision | Siglo XXI |
| 9 (RLIN) | 1218 |
| 942 ## - ADDED ENTRY ELEMENTS (KOHA) | |
| Source of classification or shelving scheme | Dewey Decimal Classification |
| Koha item type | Books |
| Withdrawn status | Lost status | Source of classification or shelving scheme | Damaged status | Not for loan | Collection code | Home library | Current library | Date acquired | Source of acquisition | Cost, normal purchase price | Total Checkouts | Full call number | Barcode | Date last seen | Date last checked out | Copy number | Price effective from | Koha item type |
|---|---|---|---|---|---|---|---|---|---|---|---|---|---|---|---|---|---|---|
| Dewey Decimal Classification | Fiction | Biblioteca Pública José María del Castillo y Rada | Biblioteca Pública José María del Castillo y Rada | 06/14/2018 | Donación | 0.00 | 3 | J-N REYa | 201811823 | 10/11/2023 | 10/11/2023 | Ej.1 | 11/28/2019 | Books |